Razvitie vnešnej torgovli Slovakii i roľ malogo i srednego biznesa v jeë formirovanii

Skúmanie pozície malých a stredných podnikov v zahraničnom obchode Slovenska. Pohľad na hlavné spôsoby podpory exportu týchto podnikov. Vplyv na celú ekonomiku štátu.

Saved in:
Bibliographic Details
Main Author: Kašťáková, Elena, 1974-
Format: Book Chapter
Language:Russian
Subjects:
Tags: Add Tag
No Tags, Be the first to tag this record!

MARC

LEADER 00000naa a2200000 4500
001 0258198
005 20240502083733.2
041 0 |a rus 
044 |a KZ 
245 1 0 |a Razvitie vnešnej torgovli Slovakii i roľ malogo i srednego biznesa v jeë formirovanii  |c Elena Kašťáková 
520 |a Skúmanie pozície malých a stredných podnikov v zahraničnom obchode Slovenska. Pohľad na hlavné spôsoby podpory exportu týchto podnikov. Vplyv na celú ekonomiku štátu. 
610 2 0 |a podnik malý 
610 2 0 |a podnik stredný 
610 2 0 |a Slovensko 
610 2 0 |a inovácie technologické 
610 2 0 |a obchod zahraničný 
100 1 |a Kašťáková, Elena, 1974-